000 00573naa a2200145Ia 4500
003 ES-SlBCS
005 20210601151858.0
008 140520s1999 xxu||||| |||| 00| 0 spa d
041 _aspa
100 1 _aOchoa, Lorenzo
_9339277
245 0 0 _aLa civilización maya en la historia regional mesoamericana
_cLorenzo Ochoa
650 4 _aMayas
_9125152
773 0 _tHistoria General de América Latina : Vol. I : Las sociedades originarias / Teresa Rojas Rabiela, John V. Murra
_dMadrid : Trotta / Unesco, 1999
_g, págs. 175-198
_z84-8154-351-3 (Vol. I)
_wVA48301
942 _cAC
999 _c765526
_d765526